|
|
|
|
| LEADER |
00000nam a22000007a 4500 |
| 005 |
20150518234934.0 |
| 007 |
cr|||| |||| |
| 008 |
150518s2015 br |||||s|||| 00||0 por d |
| 020 |
|
|
|a 978-85-361-8263-6
|
| 035 |
|
|
|a 12699
|
| 040 |
|
|
|a vLex
|
| 090 |
|
|
|c 5442
|d 5442
|
| 100 |
1 |
|
|a Marques De Lima, Francisco Meton
|
| 245 |
1 |
0 |
|a Elementos de direito do trabalho e processo trabalhista 2015
|h [Recurso electrn̤ico] /
|c Francisco Meton Marques De Lima, Francisco Přicles Rodrigues Marques De Lima
|
| 256 |
|
|
|a Servicio en ln̕ea
|
| 260 |
|
|
|a San Pablo:
|b LTR Editora,
|c 2015
|
| 300 |
|
|
|a 1 recurso electrn̤ico
|
| 500 |
|
|
|a O Direito do Trabalho passa por uma revoluȯ̂, ante a mudanȧ do eixo da relaȯ̂ de emprego para a relaȯ̂ de trabalho, em virtude da alteraȯ̂ do art. 114 da CF. Da ̕brotarem pelo menos trs̊ verse̳s do Direito do Trabalho: o tradicional, emanado da CLT; o misto de pb︢lico e privado, que ̌aquele que trata dos empregados da Administraȯ̂ Pb︢lica direta e indireta, em que se aplica a CLT, temperada com regras de direito pb︢lico; e outro extraceletista, que disciplina as terceirizaė̳s, os direitos fundamentais do trabalho e as relaė̳s de trabalho lato sensu. Direito Processual do Trabalho ̌o conjunto de princp̕ios e regras (legais, jurisprudenciais e usuais) de natureza instrumental, empregado na soluȯ̂ dos dissd̕ios individuais, coletivos e administrativos do trabalho. Este processo ̌mesclado de inserė̳s do processo comum, predominando, contudo, sua matriz de processo de princp̕ios, em que ao juiz cabe a responsabilidade de suplement-̀lo.
|
| 506 |
1 |
|
|a Disponible solo en los productos indicados
|d vLex Global
|d vLex Global (Academic Edition, excluding Law Schools)
|d vLex Global (U.S. Academic Edition, Law Schools)
|d vLex Global (U.S. Academic Edition, excluding Law Schools)
|d vLex Global (Academic Edition, Law Schools)
|
| 650 |
0 |
4 |
|a Derecho Laboral y Seguridad Social
|z Brasil
|
| 700 |
1 |
|
|a Marques De Lima, Francisco Přicles Rodrigues
|
| 740 |
0 |
|
|a vLex Libros (Servicio en ln̕ea)
|
| 856 |
4 |
0 |
|u http://vlex.com/source/elementos-de-direito-do-trabalho-e-processo-trabalhista-2015-12699
|z Acceso restringido
|
| 942 |
|
|
|c BOOK
|
| 999 |
0 |
|
|a Labor and Social Security
|